书目信息 |
| 题名: |
中文版AutoCAD 2015电气设计从入门到精通
|
|
| 作者: | 宋娟 编著 | |
| 分册: | ||
| 出版信息: | 北京 中国铁道出版社 2015.03 |
|
| 页数: | 388页 | |
| 开本: | 26cm | |
| 丛书名: | ||
| 单 册: | ||
| 中图分类: | TM02 | |
| 科图分类: | ||
| 主题词: | 电气设备--dian qi she bei--AutoCAD软件 | |
| 电子资源: | ||
| ISBN: | 978-7-113-19749-0 | |
| 000 | 01038nam0 2200265 450 | |
| 001 | CAL 0120151471604 | |
| 005 | 20150819165308.51 | |
| 010 | @a978-7-113-19749-0@dCNY59.80 (含光盘) | |
| 010 | @a978-7-89406-300-7@b光盘 | |
| 100 | @a20150130d2015 em y0chiy50 ea | |
| 101 | 0 | @achi |
| 102 | @aCN@b110000 | |
| 105 | @aa z 000yy | |
| 106 | @ar | |
| 200 | 1 | @a中文版AutoCAD 2015电气设计从入门到精通@Azhong wen ban AutoCAD 2015 dian qi she ji cong ru men dao jing tong@f宋娟编著 |
| 210 | @a北京@c中国铁道出版社@d2015.03 | |
| 215 | @a388页@c图@d26cm@e光盘1片 | |
| 330 | @a本书以AutoCAD 2015为平台, 详细介绍了使用AutoCAD 2015绘制各类电气图纸的流程、方法和技巧。具体内容包括: AutoCAD 2015制图基础、绘制二维图形与文本、图形修改等。 | |
| 517 | 1 | @aAutoCAD 2015电气设计从入门到精通@AAutoCAD 2015 dian qi she ji cong ru men dao jing tong |
| 586 | @a | |
| 606 | 0 | @a电气设备@Adian qi she bei@xAutoCAD软件 |
| 690 | @aTM02@v5 | |
| 701 | 0 | @a宋娟@Asong juan@4编著 |
| 801 | 0 | @aCN@c20150820 |
| 905 | @a河南城建学院图书馆@dTM02@eS768@f2 | |
| 中文版AutoCAD 2015电气设计从入门到精通/宋娟编著.-北京:中国铁道出版社,2015.03 |
| 388页:图;26cm+光盘1片 |
| ISBN 978-7-113-19749-0:CNY59.80 (含光盘) |
| 本书以AutoCAD 2015为平台, 详细介绍了使用AutoCAD 2015绘制各类电气图纸的流程、方法和技巧。具体内容包括: AutoCAD 2015制图基础、绘制二维图形与文本、图形修改等。 |
| ● |
| 相关链接 |
|
|
|
正题名:中文版AutoCAD 2015电气设计从入门到精通
索取号:TM02/S768
 
预约/预借
| 序号 | 登录号 | 条形码 | 馆藏地/架位号 | 状态 | 备注 |
| 1 | 1166979 | 211669791 | 自科库301/301自科库 5排1列2层/ [索取号:TM02/S768] | 在馆 | |
| 2 | 1166980 | 211669808 | 自科库301/301自科库 5排1列2层/ [索取号:TM02/S768] | 在馆 |